| 000 | 00994nam a22002657a 4500 | ||
|---|---|---|---|
| 005 | 20230209142247.0 | ||
| 008 | 230209b ||||| |||| 00| 0 eng d | ||
| 020 | _a002923235x | ||
| 040 | _cAL | ||
| 041 | _aeng | ||
| 082 |
_223 _a261.85 _bNOVC |
||
| 100 |
_aMichael Novak _971664 |
||
| 245 | _aCatholic ethic and the spirit of capitalism | ||
| 260 |
_aNew York _bThe Free Press _c1993 |
||
| 300 |
_axvii,334p. _bHB _c24x16cm. |
||
| 365 | _2Religion | ||
| 520 | _aThe Catholic Church has, for generations, been reluctant to come to terms with capitalism. Novak argues that a 100-year debate within the Catholic Church has yielded a richer and more humane vision of capitalism than that described in Weber's "Protestant Ethic". | ||
| 650 |
_aProtestant Ethic _971665 |
||
| 650 |
_aCatholics Against Capitalism _971666 |
||
| 650 |
_aSocialism _971667 |
||
| 650 |
_aWar on Poverty _971668 |
||
| 650 |
_aAdversary Culture _971669 |
||
| 700 |
_aNOVAK (Michael) _971670 |
||
| 942 |
_2ddc _cDB |
||
| 999 |
_c226630 _d226630 |
||